000 00275 a2200097 4500
001 58698
100 _a
245 _aCompendium of meterology; physical and aeronautical metrology 2 vol set
260 _aGeneva
_bworld metrological organization
_c1973
090 _c36021
_d36021
942 _aNUST-CAE
_c
_c28916
999 _c293771
_d293771